000 02078cam a22004814i 4500
003 PE-LiUPU
005 20250731184557.0
008 150706s2005 sp a r 000 0 spa d
020 _a84 8169 684 6
035 _a(Sirsi) i9788481696844
040 _aPE-LiUPU
_bspa
_cPE-LiUPU
_erda
049 _aPRUA
082 0 4 _a956.944
_bG69
_221
100 1 _aGonzález Echegaray, Joaquín ,
_eautor.
245 1 0 _aPisando tus umbrales, Jerusalén :
_bhistoria antigua de la ciudad /
_cJoaquín Gonzáles Echegaray.
264 1 _aEspaña :
_bVerbo Divino,
_c2005.
300 _a412 páginas :
_bilustraciones ;
_c24 centímetros
336 _atext
_2rdacontent
337 _aunmediated
_2rdamedia
338 _avolume
_2rdacarrier
505 0 _aTeología de Jerusalén -- Topografía de la ciudad -- Jerusalén antes de los jebuseos -- La ciudad jebusea -- La ciudad de David -- Un templo para Yahweh -- Los Asirios amenazan la ciudad -- Caída y destrucción de Jerusalén -- Renace la ciudad -- Dentro del mundo helenístico -- Formando parte del imperio romano -- Jerusalén y Jesús -- La destrucción de Jerusalén -- Aelia Capitolina -- La Jerusalén bizantina.
526 _aP136
526 _aP135
526 _aP134
526 _aP133
526 _aP144
526 _aP143
526 _aP87
526 _aP35
526 _aP20
526 _aP14
526 _aP10
526 _aP06
541 _g007-0020481;
650 0 4 _aUrbanismo
_zJerusalén.
651 _aJerusalén
_xHistoria
_yHasta Siglo V .
910 _agl
_bjv
_clch
_d20100110
942 _2ddc
_cBOOK
949 _a956.944 G69
_wDEWEY
_c1
_i60909
_d2016-10-25
_e2016-10-25
_lCCODEBUL1
_mBUL
_n1
_p45.00
_r0
_sY
_tBOOK
_u2015-7-6
_xTEOLOGIA
_zUNKNOWN
_0COMPRA
_o.STAFF. Colección Teología
994 _aC0
_bPEPRU
596 _a1
999 _a956.944 G69
_wDEWEY
_c50267
_i60909
_d50267
_e2017-10-30
_f2021-11-8
_g6
_lCCODEBUL1
_mBUL
_n4
_p45.00
_q4
_r0
_sY
_tBOOK
_u2015-7-6
_xBIBLIOTECA
_zUNKNOWN
_0COMPRA
_o.STAFF. Colección Teología
980 _81
_gALBERTO SANCHEZ Responsable de Automatización